00674nam a2200241 a 4500001001300000003000900013005001700022008004100039020001000080082001300090100001600103245005900119260004800178300000900226500003500235505001000270650001300280700001600293902000800309942000700317952009300324999001500417nice12345678IN_TiNIC20260116011652.0050524s1962 cama grp 000 0 eng  ac10000a230bVID aVidler, A R aSoundingsb Essays Concerning Christian Understanding. aCambridgebCambridge University Pressc1962 a267p aincludes index and biblioraphy2 aIndex aTheology1 aVidler, A R bSRS cBK 00104070aHMIbHMId2007-06-13g100.00l0o230 VIDp08914r2007-06-13w2026-01-16yEB c3275d3275